|
|
|
|
| LEADER |
00000cam a2200000 7i4500 |
| 001 |
0000030457 |
| 005 |
20220109.0 |
| 008 |
110128 |
| 020 |
|
|
|a 9679312232
|
| 090 |
0 |
0 |
|a 899.233010803
|b KOL
|
| 245 |
1 |
0 |
|a Antologi cerpen kemerdekaan (Jawi)
|c diatur huruf oleh Pustaka Yamin
|
| 260 |
|
|
|a KL :
|b Perpustakaan Negara Malaysia ,
|c 2009
|
| 260 |
|
|
|a KL :
|b Pustaka Yamin ,
|c 2009
|
| 650 |
|
0 |
|a Short stories, Malay
|x Collection
|
| 999 |
|
|
|a 0001081253
|b Book
|c REFERENCE
|e Perbadanan Perpustakaan Awam Johor
|
| 999 |
|
|
|a 0001219907
|b Book
|c REFERENCE
|e Cawangan Urban Transformation Centre
|
| 999 |
|
|
|a 0001219908
|b Book
|c Adult Collection
|e Cawangan Segamat
|
| 999 |
|
|
|a 0001219909
|b Book
|c REFERENCE
|e Cawangan Urban Transformation Centre
|
| 999 |
|
|
|a 0001219910
|b Book
|c REFERENCE
|e Perbadanan Perpustakaan Awam Johor
|
| 999 |
|
|
|a 0001219911
|b Book
|c REFERENCE
|e Perbadanan Perpustakaan Awam Johor
|
| 999 |
|
|
|a 0001219912
|b Book
|c REFERENCE
|e Perbadanan Perpustakaan Awam Johor
|
| 999 |
|
|
|a 0001219913
|b Book
|c Adult Collection
|e Cawangan Urban Transformation Centre
|
| 999 |
|
|
|a 0001442161
|b Book
|c REFERENCE
|e Cawangan Tmn. Ungku Tun Aminah
|
| 999 |
|
|
|a 0001442165
|b Book
|c REFERENCE
|e Cawangan Tmn. Ungku Tun Aminah
|
| 999 |
|
|
|a 0001442166
|b Book
|c REFERENCE
|e Cawangan Tmn. Ungku Tun Aminah
|
| 999 |
|
|
|a 0001648316
|b Book
|c REFERENCE
|e Cawangan Segamat
|
| 999 |
|
|
|a 0001648317
|b Book
|c REFERENCE
|e Cawangan Segamat
|
| 999 |
|
|
|a 0001695610
|b Book
|c Adult Collection
|e Cawangan Bandar Penawar
|
| 999 |
|
|
|a 0001695618
|b Book
|c Adult Collection
|e Cawangan Bandar Penawar
|